[Event "VII Festival A"]
[Site "Trieste ITA"]
[Date "2005.09.09"]
[Round "8"]
[White "Landa, Konstantin"]
[Black "Fercec, Nenad"]
[Result "1/2-1/2"]
[WhiteElo "2609"]
[BlackElo "2500"]
[PlyCount "50"]
[EventDate "2005.09.03"]

1.e4 c5 2.Nf3 d6 3.d4 cxd4 4.Nxd4 Nf6 5.Nc3 a6 6.Be3 e5 7.Nf3 Qc7 8.a4 Be7
9.Be2 O-O 10.O-O h6 11.a5 Be6 12.Nd2 Nbd7 13.Bd3 Nc5 14.Qe2 Nxd3 15.cxd3 
d5 16.Bb6 Qd7 17.exd5 Nxd5 18.Nxd5 Qxd5 19.Qe4 Rac8 20.Qxd5 Bxd5 21.Rac1 
Bb4 22.Ne4 Rfe8 23.g4 f6 24.f3 Kh7 25.Kf2 g6 1/2-1/2

[Event "VII Festival A"]
[Site "Trieste ITA"]
[Date "2005.09.09"]
[Round "8"]
[White "Lazarev, Vladimir"]
[Black "Tratar, Marko"]
[Result "1/2-1/2"]
[WhiteElo "2518"]
[BlackElo "2419"]
[PlyCount "103"]
[EventDate "2005.09.03"]

1.d4 d6 2.c4 e5 3.Nf3 e4 4.Ng5 Nf6 5.Nc3 Qe7 6.Qc2 Nc6 7.e3 Bf5 8.g4 Bxg4 
9.Bg2 Bf5 10.Ngxe4 Nxe4 11.Bxe4 Bxe4 12.Qxe4 Qxe4 13.Nxe4 Kd7 14.Kf1 f5 
15.Nc3 Be7 16.Bd2 f4 17.Ke2 Rhf8 18.Ne4 Rf5 19.Rag1 g6 20.b3 fxe3 21.fxe3 
Raf8 22.Be1 Nd8 23.h4 Ne6 24.Ng3 R5f7 25.h5 Ng5 26.hxg6 hxg6 27.Rg2 c6 28.
Nf1 d5 29.Nd2 Rg8 30.Rg4 Nh7 31.Nf3 Bd6 32.Rh6 Rfg7 33.Nh4 Nf8 34.Bg3 Bxg3
35.Rxg3 Ke6 36.cxd5+ Kxd5 37.Kd3 Ke6 38.Nf3 Nd7 39.e4 Ke7 40.Nh4 Kf7 41.e5
c5 42.Rf3+ Ke7 43.Rg3 Kf7 44.Nf3 cxd4 45.Kxd4 Rd8 46.Ke3 Nc5 47.Nd4 Rd5 
48.Nf3 Rd3+ 49.Ke2 Rd5 50.Rh4 Ne6 51.Rhg4 Ra5 52.a4 1/2-1/2

[Event "VII Festival A"]
[Site "Trieste ITA"]
[Date "2005.09.09"]
[Round "8"]
[White "Pasquotto, Mirko"]
[Black "Stantic, Severino"]
[Result "1/2-1/2"]
[WhiteElo "1814"]
[BlackElo "2064"]
[PlyCount "87"]
[EventDate "2005.09.03"]

1.e4 c5 2.Nf3 d6 3.d4 cxd4 4.Nxd4 Nf6 5.Nc3 a6 6.Be3 e5 7.Nb3 Be6 8.f3 Nc6
9.Qd2 Na5 10.Nd5 Nxd5 11.exd5 Nxb3 12.axb3 Bd7 13.g4 Be7 14.O-O-O h6 15.
Rg1 Bg5 16.f4 exf4 17.Bxf4 O-O 18.Bd3 Bxf4 19.Qxf4 Qg5 20.Qxg5 hxg5 21.
Rde1 Rae8 22.h3 g6 23.c4 a5 24.Kd2 Rxe1 25.Rxe1 Re8 26.Rxe8+ Bxe8 27.Kc3 
b6 28.b4 axb4+ 29.Kxb4 Bd7 30.Kc3 f5 31.Be2 Kf7 32.b3 Ke8 33.Kd4 Bc8 34.b4
Ke7 35.c5 bxc5+ 36.bxc5 dxc5+ 37.Kxc5 Bd7 38.d6+ Ke6 39.Bc4+ Ke5 40.Be2 
Ke6 41.Bf3 Ke5 42.Bc6 Ke6 43.Bd5+ Ke5 44.Bc6 1/2-1/2

[Event "VII Festival A"]
[Site "Trieste ITA"]
[Date "2005.09.09"]
[Round "8"]
[White "Plani, Andrea"]
[Black "Brunello, Marina"]
[Result "1-0"]
[WhiteElo "1775"]
[BlackElo "1667"]
[PlyCount "120"]
[EventDate "2005.09.03"]

1.e4 e5 2.Nf3 Nc6 3.d4 exd4 4.Bc4 Nf6 5.O-O Be7 6.Nxd4 Nxe4 7.Nf5 O-O 8.
Qg4 Ng5 9.Nxe7+ Qxe7 10.Bxg5 Qe5 11.Qg3 Qxb2 12.Na3 d6 13.Bd2 Qf6 14.Nb5 
Ne5 15.Bc3 Qf5 16.Nxc7 Rb8 17.Nd5 Qxc2 18.Bb3 Qe2 19.Rfe1 Qb5 20.Bxe5 dxe5
21.Rxe5 Qa6 22.Rg5 Qh6 23.Re1 Be6 24.Ne7+ Kh8 25.Bxe6 fxe6 26.Rge5 Rf6 27.
Rxe6 Rd8 28.R6e5 Re6 29.h3 Rxe5 30.Qxe5 Re8 31.Qc7 Rf8 32.Qe5 Qd2 33.Re2 
Qh6 34.Nf5 Qg6 35.Nd6 Kg8 36.Nxb7 Qb1+ 37.Kh2 Qxb7 38.Qe6+ Kh8 39.Qd6 Rg8 
40.Re7 Qb2 41.Rxa7 Qxf2 42.Qc7 h6 43.a4 Qb2 44.Rb7 Qa1 45.a5 Ra8 46.Rb8+ 
Rxb8 47.Qxb8+ Kh7 48.Qb5 Qc1 49.Qe5 Qa3 50.Qf5+ Kh8 51.Qd5 Qc1 52.Qd6 Qa1 
53.a6 Kh7 54.h4 Qa4 55.Kh3 Qb3+ 56.g3 h5 57.a7 Qf3 58.Qd2 Qh1+ 59.Qh2 Qa8 
60.Qg1 Qb7 1-0

[Event "VII Festival A"]
[Site "Trieste ITA"]
[Date "2005.09.09"]
[Round "8"]
[White "Punteri, Marco"]
[Black "Oblak, Mitja"]
[Result "1-0"]
[WhiteElo "1985"]
[BlackElo "1688"]
[PlyCount "35"]
[EventDate "2005.09.03"]

1.d4 d5 2.c4 c6 3.Nf3 Nf6 4.e3 e6 5.Nc3 Nbd7 6.Bd3 dxc4 7.Bxc4 b5 8.Bd3 a6
9.e4 c5 10.d5 exd5 11.e5 Ng4 12.O-O d4 13.Nd5 Be7 14.Nxd4 Ndxe5 15.Nf5 
Qxd5 16.Bxb5+ Qc6 17.Bxc6+ Nxc6 18.Qxg4 1-0

[Event "VII Festival A"]
[Site "Trieste ITA"]
[Date "2005.09.09"]
[Round "8"]
[White "Videki, Sandor"]
[Black "Brunello, Sabino"]
[Result "1-0"]
[WhiteElo "2394"]
[BlackElo "2373"]
[PlyCount "137"]
[EventDate "2005.09.03"]

1.c4 e6 2.Nc3 d5 3.d4 Nf6 4.cxd5 exd5 5.Bg5 Be7 6.e3 c6 7.Bd3 Nbd7 8.Qc2 
O-O 9.Nf3 Re8 10.h3 Nf8 11.Bf4 Be6 12.O-O Ng6 13.Bh2 Bd6 14.Bxd6 Qxd6 15.
a3 Ne7 16.b4 a6 17.Na4 g6 18.Nc5 Bc8 19.Ne5 Nh5 20.a4 f6 21.Nf3 b6 22.Nb3 
Qxb4 23.a5 bxa5 24.Nxa5 Qd6 25.Rfc1 Bd7 26.Nb7 Qc7 27.Nc5 Bc8 28.Nxa6 Qd6 
29.Qc5 Qxc5 30.Nxc5 Rxa1 31.Rxa1 Ng7 32.Nd2 Ne6 33.Ndb3 Kf7 34.Ra7 Nxc5 
35.Nxc5 Be6 36.Ba6 Bc8 37.Bd3 Be6 38.Nb7 Rb8 39.Na5 Rb6 40.Nb7 Kf8 41.Ra8+
Kg7 42.Nd6 Rb3 43.Bc2 Rc3 44.Re8 Nc8 45.Rxe6 Nxd6 46.Bxg6 hxg6 47.Rxd6 Kf7
48.Rd7+ Ke6 49.Rc7 Kd6 50.Ra7 c5 51.dxc5+ Rxc5 52.h4 Ke6 53.Rg7 Rc4 54.g3 
Kf5 55.Re7 d4 56.e4+ Kg4 57.Kg2 g5 58.f3+ Kh5 59.g4+ Kh6 60.h5 Rc2+ 61.Kf1
Rc1+ 62.Ke2 Rc2+ 63.Kd1 Rc3 64.Ke2 Rc2+ 65.Kd1 Rf2 66.e5 Rxf3 67.Re6 Rg3 
68.exf6 Rxg4 69.Re8 1-0

[Event "VII Festival A"]
[Site "Trieste ITA"]
[Date "2005.09.10"]
[Round "9"]
[White "Arcion, Riccardo"]
[Black "Punteri, Marco"]
[Result "1/2-1/2"]
[WhiteElo "1958"]
[BlackElo "1985"]
[PlyCount "85"]
[EventDate "2005.09.03"]

1.d4 Nf6 2.c4 e6 3.Nc3 Bb4 4.Qc2 c5 5.dxc5 Nc6 6.Nf3 Bxc5 7.e3 O-O 8.Be2 
b6 9.O-O Bb7 10.a3 Rc8 11.Rb1 Qc7 12.b4 Be7 13.Bb2 Rfd8 14.Rbc1 h6 15.Ne4 
Nxe4 16.Qxe4 f5 17.Qb1 a5 18.Bc3 axb4 19.axb4 Ra8 20.Qb2 Bf8 21.Ra1 Rxa1 
22.Rxa1 Ra8 23.Rxa8 Bxa8 24.Qd2 Qd6 25.Qxd6 Bxd6 26.b5 Na5 27.Ne5 Bxe5 28.
Bxe5 d5 29.cxd5 Bxd5 30.Bd4 Bc4 31.Kf1 Bxe2+ 32.Kxe2 Nc4 33.Kd3 Nd6 34.
Bxb6 Nxb5 35.Kc4 Nd6+ 36.Kd4 Kf7 37.f3 Ne8 38.Bd8 Nd6 39.e4 fxe4 40.fxe4 
Nb5+ 41.Ke5 Na3 42.h4 Nc4+ 43.Kd4 1/2-1/2

[Event "VII Festival A"]
[Site "Trieste ITA"]
[Date "2005.09.10"]
[Round "9"]
[White "Brunello, Roberta"]
[Black "Bevilacqua, Andrea"]
[Result "0-1"]
[WhiteElo "1837"]
[BlackElo "1978"]
[PlyCount "76"]
[EventDate "2005.09.03"]

1.e4 e5 2.Nf3 Nc6 3.d4 exd4 4.Nxd4 Bc5 5.Be3 Qf6 6.c3 d6 7.Be2 Bd7 8.b4 
Nxd4 9.Bxd4 Bxd4 10.cxd4 Qe7 11.Nc3 Nf6 12.O-O O-O 13.Bf3 c6 14.Re1 Ne8 
15.Rb1 Nc7 16.e5 dxe5 17.Rxe5 Qd8 18.Na4 f6 19.Re2 Bf5 20.Qb3+ Kh8 21.Rd1 
Re8 22.Red2 Be6 23.Qb2 Bd5 24.Bxd5 Nxd5 25.Nc5 Qe7 26.h3 Rad8 27.Rc1 Nf4 
28.Kf1 Rd6 29.g3 Nxh3 30.Kg2 Ng5 31.Rc3 b6 32.Re3 Qf7 33.Rxe8+ Qxe8 34.Re2
Qh5 35.Kg1 bxc5 36.bxc5 Rd8 37.Re7 Nf3+ 38.Kg2 Qd5 0-1

[Event "VII Festival A"]
[Site "Trieste ITA"]
[Date "2005.09.10"]
[Round "9"]
[White "Brunello, Sabino"]
[Black "De Val, Daniele"]
[Result "1-0"]
[WhiteElo "2373"]
[BlackElo "2155"]
[PlyCount "53"]
[EventDate "2005.09.03"]

1.e4 e6 2.d4 d5 3.e5 c5 4.c3 Nc6 5.Nf3 Qb6 6.a3 f6 7.Bd3 fxe5 8.Nxe5 Nxe5 
9.dxe5 g6 10.h4 Qc7 11.Qe2 Bg7 12.f4 Bd7 13.Nd2 O-O-O 14.Nf3 Ne7 15.h5 Nf5
16.Qf2 gxh5 17.Bxf5 exf5 18.Be3 b6 19.Rxh5 Be6 20.Ng5 Qd7 21.Qc2 Rdf8 22.
O-O-O h6 23.Nxe6 Qxe6 24.Qd3 Qg6 25.Qxd5 Qxh5 26.Qe6+ Kb8 27.Rd7 1-0

[Event "VII Festival A"]
[Site "Trieste ITA"]
[Date "2005.09.10"]
[Round "9"]
[White "Costariol, Elena"]
[Black "Cozzarin, Davide"]
[Result "0-1"]
[WhiteElo "1605"]
[BlackElo "1646"]
[PlyCount "110"]
[EventDate "2005.09.03"]

1.e4 Nf6 2.e5 Nd5 3.d4 d6 4.c4 Nb6 5.exd6 exd6 6.Nc3 Nc6 7.Be3 Bf5 8.Bd3 
Qd7 9.b3 Nb4 10.Bxf5 Qxf5 11.Rb1 Nc2+ 12.Kd2 Nb4 13.Qe2 O-O-O 14.Rc1 Be7 
15.Nf3 Bf6 16.d5 Rhe8 17.a3 Na6 18.Qd3 Qg4 19.Rhg1 g6 20.h3 Qd7 21.Ng5 Qe7
22.Nxh7 Bxc3+ 23.Qxc3 Qh4 24.Nf6 Rxe3 25.Kxe3 Qg5+ 26.Ke2 Nc5 27.b4 Ncd7 
28.Nxd7 Nxd7 29.Kd3 Qf5+ 30.Ke2 Re8+ 31.Kf1 Ne5 32.Re1 g5 33.c5 Kb8 34.
cxd6 cxd6 35.Re3 Rc8 36.Qd4 Rc4 37.Qd1 Rc2 38.Re2 Nc4 39.Qxc2 Ne3+ 40.Rxe3
Qxc2 41.g3 Qd1+ 42.Kg2 Qxd5+ 43.Kh2 f5 44.Rc1 a6 45.h4 gxh4 46.gxh4 Qd4 
47.h5 Qh4+ 48.Rh3 Qf4+ 49.Kg2 Qxc1 50.h6 Qg5+ 51.Kf3 Qg4+ 52.Ke3 Qxh3+ 53.
Kf4 Qxh6+ 54.Kxf5 Qf8+ 55.Ke6 Kc7 0-1

[Event "VII Festival A"]
[Site "Trieste ITA"]
[Date "2005.09.10"]
[Round "9"]
[White "Fercec, Nenad"]
[Black "Jovanic, Ognjen"]
[Result "1-0"]
[WhiteElo "2500"]
[BlackElo "2447"]
[PlyCount "91"]
[EventDate "2005.09.03"]

1.e4 e5 2.Nf3 Nc6 3.Bb5 Nf6 4.O-O Nxe4 5.d4 Nd6 6.Bxc6 dxc6 7.dxe5 Nf5 8.
Qxd8+ Kxd8 9.Nc3 Ne7 10.h3 Ng6 11.a3 h6 12.Re1 c5 13.Ne4 Be7 14.Ng3 Be6 
15.Nh5 Rg8 16.g4 Kd7 17.Nh2 Nh4 18.f4 g6 19.Nf6+ Bxf6 20.exf6 g5 21.fxg5 
hxg5 22.Re5 Kc6 23.Bxg5 Ng6 24.Re3 Rad8 25.Rxe6+ fxe6 26.f7 Rgf8 27.Bxd8 
Rxd8 28.Nf3 Rh8 29.h4 Kd6 30.h5 Nf8 31.Ng5 Ke7 32.Rf1 Rh6 33.Kg2 c4 34.Kg3
Rf6 35.Rh1 Rh6 36.Nf3 Kxf7 37.g5 Rh8 38.Ne5+ Ke7 39.Kg4 Rg8 40.Rf1 c3 41.
bxc3 Kd6 42.Kf4 Rg7 43.Rd1+ Ke7 44.g6 Kf6 45.Rd8 Rg8 46.Rxf8+ 1-0

[Event "VII Festival A"]
[Site "Trieste ITA"]
[Date "2005.09.10"]
[Round "9"]
[White "Grobovsek, Ivan"]
[Black "Costariol, Mario"]
[Result "1-0"]
[WhiteElo "2000"]
[BlackElo "1503"]
[PlyCount "75"]
[EventDate "2005.09.03"]

1.d4 Nf6 2.Nf3 g6 3.c4 Bg7 4.Nc3 O-O 5.e4 d6 6.Be2 c5 7.d5 e6 8.O-O Re8 9.
Qc2 exd5 10.cxd5 Bg4 11.h3 Bxf3 12.Bxf3 Nbd7 13.Bg5 Qb6 14.Rfe1 Ne5 15.Be2
a6 16.f4 Nd3 17.Bxd3 c4+ 18.Kh2 cxd3 19.Qxd3 Nh5 20.Re2 h6 21.g4 hxg5 22.
gxh5 gxf4 23.hxg6 fxg6 24.Rg1 Kh7 25.e5 dxe5 26.d6 Re6 27.Ne4 Bh6 28.Qc4 
f3 29.Rxg6 Bf4+ 30.Kh1 Rae8 31.Rxe6 Rxe6 32.Rf2 Qe3 33.d7 Qe1+ 34.Rf1 Qh4 
35.Rxf3 Qe7 36.Nc5 Qd6 37.Qxe6 Qxe6 38.Nxe6 1-0

[Event "VII Festival A"]
[Site "Trieste ITA"]
[Date "2005.09.10"]
[Round "9"]
[White "Lalic, Bogdan"]
[Black "Loncar, Robert"]
[Result "1-0"]
[WhiteElo "2491"]
[BlackElo "2390"]
[PlyCount "61"]
[EventDate "2005.09.03"]

1.d4 Nf6 2.c4 c5 3.d5 g6 4.Nc3 Bg7 5.e4 d6 6.Nf3 O-O 7.h3 a6 8.a4 e6 9.Bd3
exd5 10.cxd5 Nbd7 11.O-O Nh5 12.Re1 Ne5 13.Be2 Qf6 14.Nxe5 Qxe5 15.Bxh5 
gxh5 16.Be3 Qe7 17.Qxh5 f5 18.Bf4 fxe4 19.Rxe4 Qf6 20.Rae1 Bf5 21.Bg5 Qg6 
22.Qxg6 Bxg6 23.Re6 Rf5 24.f4 b5 25.axb5 axb5 26.Nxb5 Rb8 27.Nxd6 Rxd5 28.
Bf6 Bxf6 29.Rxf6 Rb6 30.Ne4 Rxb2 31.Rxg6+ 1-0

[Event "VII Festival A"]
[Site "Trieste ITA"]
[Date "2005.09.10"]
[Round "9"]
[White "Lazarev, Vladimir"]
[Black "Landa, Konstantin"]
[Result "0-1"]
[WhiteElo "2518"]
[BlackElo "2609"]
[PlyCount "78"]
[EventDate "2005.09.03"]

1.c4 c5 2.Nf3 Nf6 3.Nc3 e6 4.g3 b6 5.Bg2 Bb7 6.O-O Be7 7.d4 cxd4 8.Qxd4 d6
9.b3 O-O 10.Bb2 a6 11.e4 Nbd7 12.Qe3 Qc7 13.Nd4 Rfe8 14.Rad1 Bf8 15.Rfe1 
g6 16.h3 Rad8 17.Kh2 Qb8 18.Qd2 Ba8 19.Re2 Nc5 20.Qe1 Bg7 21.Ba1 Ncd7 22.
Bb2 Ne5 23.Red2 Ned7 24.Qe3 Bb7 25.f4 e5 26.fxe5 Nxe5 27.Qf4 Nh5 28.Qf1 d5
29.cxd5 Bh6 30.Nde2 Bxd2 31.Rxd2 Bc8 32.Qf2 b5 33.Nd4 Qb6 34.Nd1 Rd6 35.
Qf1 Rf6 36.Qe2 Qd6 37.Qe3 Bxh3 38.Qe1 Ng4+ 39.Kg1 Bxg2 0-1

[Event "VII Festival A"]
[Site "Trieste ITA"]
[Date "2005.09.10"]
[Round "9"]
[White "Oblak, Mitja"]
[Black "Batic, Aleksander"]
[Result "1-0"]
[WhiteElo "1688"]
[BlackElo "1855"]
[PlyCount "73"]
[EventDate "2005.09.03"]

1.d4 Nf6 2.c4 g6 3.Nc3 d5 4.Qb3 dxc4 5.Qxc4 c6 6.Bf4 a5 7.e3 b5 8.Qb3 a4 
9.Qc2 Bb7 10.Nf3 Na6 11.a3 Rc8 12.Rd1 Qa5 13.Be2 Nd5 14.Be5 f6 15.Bg3 e6 
16.O-O Nxc3 17.bxc3 Nc7 18.c4 Kf7 19.Qb2 Ba6 20.Bxc7 Rxc7 21.cxb5 Bxb5 22.
Bxb5 Qxb5 23.Rb1 Rb7 24.Qa2 Qa6 25.Rxb7+ Qxb7 26.Rb1 Qe7 27.Rb4 Qa7 28.Rc4
Be7 29.Rxc6 Qd7 30.Qc4 Rb8 31.g3 Rb3 32.Qxa4 Rxa3 33.Qc2 Qd5 34.Kg2 h5 35.
h4 Ra2 36.Qc4 Qa5 37.Qxe6+ 1-0

[Event "VII Festival A"]
[Site "Trieste ITA"]
[Date "2005.09.10"]
[Round "9"]
[White "Pavasovic, Dusko"]
[Black "Videki, Sandor"]
[Result "1/2-1/2"]
[WhiteElo "2566"]
[BlackElo "2394"]
[PlyCount "80"]
[EventDate "2005.09.03"]

1.e4 c5 2.c3 Nf6 3.e5 Nd5 4.Nf3 Nc6 5.Bc4 Nb6 6.Bb3 d5 7.exd6 Qxd6 8.Na3 
Be6 9.d4 Bxb3 10.Qxb3 cxd4 11.Nb5 Qd7 12.Nbxd4 Nxd4 13.Nxd4 e6 14.O-O Be7 
15.Rd1 O-O 16.Be3 Qc8 17.Nb5 Bc5 18.Bf4 Qc6 19.Bd6 Rfc8 20.Bxc5 Qxc5 21.
Nd6 Rc7 22.Qb5 Qxb5 23.Nxb5 Rc5 24.Nd6 Rc7 25.Rd4 e5 26.Rd2 Rd8 27.Rad1 
Rcd7 28.Kf1 Nc8 29.Nc4 Rxd2 30.Rxd2 Rxd2 31.Nxd2 f6 32.Ke2 Kf7 33.Kd3 Ke6 
34.c4 f5 35.b4 Ne7 36.f3 h5 37.a3 g5 38.Nb3 b6 39.Ke3 Ng6 40.a4 g4 1/2-1/2

[Event "VII Festival A"]
[Site "Trieste ITA"]
[Date "2005.09.10"]
[Round "9"]
[White "Ramesa, Davor"]
[Black "Gyorkos, Lajos"]
[Result "1-0"]
[WhiteElo "2172"]
[BlackElo "2424"]
[PlyCount "63"]
[EventDate "2005.09.03"]

1.c4 g6 2.Nc3 Bg7 3.d4 c5 4.e3 Nf6 5.Nf3 O-O 6.Be2 cxd4 7.exd4 d5 8.h3 Nc6
9.O-O Bf5 10.Bf4 dxc4 11.d5 Nb4 12.Bxc4 Rc8 13.Bb3 Nd3 14.Qd2 Nxf4 15.Qxf4
Nd7 16.g4 Bd3 17.Rfe1 Nc5 18.Rad1 Qd6 19.Qe3 Ba6 20.Qxe7 Qxe7 21.Rxe7 Nd3 
22.Ne4 Nf4 23.Rd2 Nxh3+ 24.Kh2 Nf4 25.d6 Bh6 26.g5 Bg7 27.d7 Rcd8 28.Nd6 
Nd3 29.Nxf7 Rxd7 30.Rxd7 Nc5 31.Nh6+ Kh8 32.Rd8 1-0

[Event "VII Festival A"]
[Site "Trieste ITA"]
[Date "2005.09.10"]
[Round "9"]
[White "Samuelli, Daniele"]
[Black "Pasquotto, Mirko"]
[Result "1-0"]
[WhiteElo "1986"]
[BlackElo "1814"]
[PlyCount "47"]
[EventDate "2005.09.03"]

1.e4 c5 2.Nf3 d6 3.d4 cxd4 4.Nxd4 Nf6 5.Nc3 a6 6.Bg5 e6 7.f4 Nc6 8.Qd2 Qc7
9.O-O-O b5 10.e5 Nxd4 11.Qxd4 dxe5 12.fxe5 Nd7 13.Bxb5 h6 14.Bxd7+ Bxd7 
15.Be3 Be7 16.g4 Bc6 17.Ne4 Qb7 18.Nd6+ Bxd6 19.exd6 O-O 20.Rhg1 Rfc8 21.
g5 Be4 22.Rd2 h5 23.Qe5 Bg6 24.Bd4 1-0

[Event "VII Festival A"]
[Site "Trieste ITA"]
[Date "2005.09.10"]
[Round "9"]
[White "Tonel, Giulia"]
[Black "Cedriano, Filippo"]
[Result "0-1"]
[WhiteElo "1793"]
[BlackElo "2005"]
[PlyCount "72"]
[EventDate "2005.09.03"]

1.e4 c5 2.c3 g6 3.d4 cxd4 4.cxd4 d5 5.exd5 Qxd5 6.Nc3 Qa5 7.Nf3 Bg7 8.Be2 
Nf6 9.O-O O-O 10.Bf4 Nd5 11.Nxd5 Qxd5 12.b3 Nc6 13.Be3 Rd8 14.Bc4 Qd6 15.
Ng5 e6 16.Qf3 Qe7 17.Ne4 Nxd4 18.Bxd4 Rxd4 19.Rad1 Bd7 20.Qe3 Rxd1 21.Rxd1
Bc6 22.Nc3 Qh4 23.Bb5 Bxg2 24.Kxg2 Bxc3 25.Rd7 Qg4+ 26.Kh1 Rc8 27.f3 Qh4 
28.Bc4 Qf6 29.Rxb7 Rd8 30.Be2 Bd4 31.Qc1 Bb6 32.a4 Qe5 33.Bc4 Be3 34.Qf1 
Rd2 35.Qh3 Bf4 36.Rb5 Qe1+ 0-1

[Event "VII Festival A"]
[Site "Trieste ITA"]
[Date "2005.09.10"]
[Round "9"]
[White "Varini, Massimo"]
[Black "Plani, Andrea"]
[Result "1/2-1/2"]
[WhiteElo "2080"]
[BlackElo "1775"]
[PlyCount "115"]
[EventDate "2005.09.03"]

1.Nf3 Nc6 2.d4 e6 3.e4 b6 4.c3 Bb7 5.Bd3 g6 6.Bg5 Be7 7.h4 d6 8.Nbd2 Bxg5 
9.Nxg5 e5 10.Bc4 Nh6 11.Qf3 Qd7 12.Qf6 Rg8 13.d5 Ne7 14.Nxh7 O-O-O 15.Be2 
Rge8 16.Qg5 Nhg8 17.h5 Kb8 18.O-O-O f5 19.hxg6 fxe4 20.c4 c6 21.Nxe4 Qf5 
22.Qxf5 Nxf5 23.Bg4 Nd4 24.Rxd4 exd4 25.Be6 cxd5 26.Bxg8 Rxg8 27.cxd5 Rxg6
28.Nhf6 Rxg2 29.Rh7 Bc8 30.Rh5 Bg4 31.Rh6 Rc8+ 32.Kd2 Bf5 33.Rh5 Bxe4 34.
Nxe4 Re8 35.Kd3 Rxe4 36.Kxe4 Rxf2 37.Rh6 Kc7 38.Rh7+ Kb8 39.b3 Rxa2 40.
Kxd4 Rd2+ 41.Ke4 Re2+ 42.Kd3 Re8 43.Rd7 b5 44.Rxd6 Kb7 45.Kd4 Rc8 46.Re6 
a5 47.Rf6 a4 48.bxa4 bxa4 49.Ke5 a3 50.Rf7+ Kb6 51.Rf2 Re8+ 52.Kd6 Rd8+ 
53.Ke6 Kc5 54.Ra2 Kb4 55.d6 Kb3 56.Ke7 Rxd6 57.Rxa3+ Kxa3 58.Kxd6 1/2-1/2

[Event "IV Torneo Hotel Petra"]
[Site "Roma ITA"]
[Date "2005.09.03"]
[Round "1"]
[White "Corvi, Marco"]
[Black "Romanishin, Oleg M."]
[Result "1/2-1/2"]
[WhiteElo "2317"]
[BlackElo "2570"]
[PlyCount "57"]
[EventDate "2005.09.03"]

1. c4 e5 2. Nc3 Nf6 3. Nf3 Nc6 4. e3 Bb4 5. Qc2 Bxc3 6. Qxc3 Qe7 7. a3 a5 8. b4
d6 9. Bb2 O-O 10. Be2 axb4 11. axb4 Rxa1+ 12. Bxa1 Bg4 13. b5 Nb8 14. h3 Bh5
15. d3 Nbd7 16. O-O Nc5 17. d4 exd4 18. Nxd4 Bxe2 19. Nxe2 Ra8 20. Nf4 c6 21.
bxc6 bxc6 22. Ne2 Ne8 23. Nd4 Qd7 24. Rd1 f6 25. Qc2 Ra6 26. Nf5 Qe6 27. Nd4
Qd7 28. Nf5 Qe6 29. Nd4 1/2-1/2

[Event "IV Torneo Hotel Petra"]
[Site "Roma ITA"]
[Date "2005.09.03"]
[Round "1"]
[White "Farago, Ivan"]
[Black "Ramondino, Renzo"]
[Result "1-0"]
[WhiteElo "2499"]
[BlackElo "2274"]
[PlyCount "119"]
[EventDate "2005.09.03"]

1. d4 Nf6 2. c4 g6 3. Nc3 Bg7 4. e4 d6 5. Be2 O-O 6. Nf3 e5 7. O-O Nc6 8. d5
Ne7 9. b4 Nh5 10. Re1 a5 11. bxa5 f5 12. Nd2 Nf6 13. c5 Rxa5 14. cxd6 cxd6 15.
Nc4 Ra8 16. Be3 fxe4 17. Bb6 Qd7 18. Qb3 Nf5 19. Rad1 Qe7 20. a4 Kh8 21. Bf1
Nd4 22. Qb2 Bg4 23. Rd2 Bf5 24. a5 Rac8 25. Nb5 Nxb5 26. Qxb5 Nd7 27. Rb2 Rf7
28. Qb4 Nc5 29. Bxc5 Rxc5 30. Qb6 Rxd5 31. Reb1 Bc8 32. Qa7 Rd4 33. a6 b5 34.
Qb8 bxc4 35. Qxc8+ Rf8 36. Qb7 Qf6 37. a7 c3 38. Ra2 Rd2 39. Rxd2 cxd2 40. a8=R
Qxf2+ 41. Kh1 e3 42. Rxf8+ Bxf8 43. Qf3 Qxf3 44. gxf3 d5 45. Be2 d4 46. Kg2 Kg7
47. Kf1 Kf6 48. Bd3 h6 49. Rb6+ Ke7 50. Ke2 g5 51. Bc4 Bg7 52. Rg6 Bf8 53. Re6+
Kd7 54. Rxe5 Bg7 55. Rf5 Ke8 56. Ra5 Ke7 57. Ra6 Bf8 58. h3 Bg7 59. Ra7+ Kf6
60. Rd7 1-0

[Event "IV Torneo Hotel Petra"]
[Site "Roma ITA"]
[Date "2005.09.03"]
[Round "1"]
[White "Mazzilli, Piero"]
[Black "Sibilio, Mario"]
[Result "0-1"]
[WhiteElo "2341"]
[BlackElo "2380"]
[PlyCount "74"]
[EventDate "2005.09.03"]

1. e4 g6 2. d4 Bg7 3. c4 c5 4. d5 d6 5. Nc3 Nf6 6. Be2 O-O 7. Nf3 e5 8. O-O Ne8
9. Bg5 Bf6 10. Be3 Be7 11. Ne1 Bg5 12. f4 exf4 13. Bxf4 Nd7 14. g3 Qe7 15. Nf3
Bf6 16. Qd2 Ne5 17. Nxe5 Bxe5 18. Bxe5 Qxe5 19. Qf4 f6 20. Rf2 Bd7 21. h4 Ng7
22. Bg4 Bxg4 23. Qxg4 a6 24. Qf4 Qe7 25. g4 Rae8 26. Raf1 Qd7 27. Qf3 Re5 28.
Ne2 h5 29. g5 f5 30. Ng3 Qe7 31. exf5 Nxf5 32. Nxf5 Rfxf5 33. Qg2 Rxf2 34. Qxf2
Re4 35. b3 b5 36. cxb5 axb5 37. Kg2 Re2 0-1

[Event "IV Torneo Hotel Petra"]
[Site "Roma ITA"]
[Date "2005.09.03"]
[Round "1"]
[White "Piscopo, Pierluigi"]
[Black "Vazquez Igarza, Renier"]
[Result "1-0"]
[WhiteElo "2389"]
[BlackElo "2496"]
[PlyCount "87"]
[EventDate "2005.09.03"]

1. e4 c5 2. Nf3 d6 3. c3 Nf6 4. Be2 g6 5. O-O Bg7 6. Bb5+ Nbd7 7. Re1 a6 8. Bf1
Ne5 9. d4 Nxf3+ 10. Qxf3 Nd7 11. Be3 O-O 12. Na3 Qc7 13. Rad1 b5 14. Bg5 Re8
15. Qg3 Bb7 16. Qh4 Nf8 17. Bh6 e5 18. dxc5 dxc5 19. Bxg7 Kxg7 20. Nc2 h5 21.
Ne3 Qe7 22. Qxe7 Rxe7 23. f3 c4 24. a4 Rb8 25. Rd6 Nd7 26. axb5 axb5 27. Ra1
Kf8 28. Ra5 Ba8 29. Nd5 Bxd5 30. Rxd5 b4 31. Bxc4 bxc3 32. bxc3 Rc8 33. Bb5 Nb6
34. Rd3 Rc5 35. Rd6 Re6 36. Rxe6 fxe6 37. h4 Kg7 38. Ra7+ Kh6 39. Be8 Rxc3 40.
Re7 Nc4 41. Rxe6 Rc1+ 42. Kh2 Ne3 43. Rxg6+ Kh7 44. Rg5 1-0

[Event "IV Torneo Hotel Petra"]
[Site "Roma ITA"]
[Date "2005.09.05"]
[Round "2"]
[White "Ramondino, Renzo"]
[Black "Corvi, Marco"]
[Result "1-0"]
[WhiteElo "2274"]
[BlackElo "2317"]
[PlyCount "159"]
[EventDate "2005.09.03"]

1. e4 Nf6 2. e5 Nd5 3. d4 d6 4. c4 Nb6 5. exd6 cxd6 6. d5 e5 7. Nc3 Be7 8. Bd3
O-O 9. Nge2 f5 10. b3 N8d7 11. O-O Nf6 12. f4 e4 13. Bc2 Ne8 14. Nd4 Nc7 15.
Be3 Qe8 16. Qe2 Qg6 17. b4 Nd7 18. Bb3 Kh8 19. Ncb5 Nxb5 20. Nxb5 b6 21. Nc7
Rb8 22. Ne6 Re8 23. Ba4 Rg8 24. Nd4 Bf6 25. Bc6 Bxd4 26. Bxd4 Rd8 27. Rab1 Bb7
28. a4 Qf7 29. Qb2 Rdc8 30. Bxg7+ Qxg7 31. Qxg7+ Kxg7 32. Bxd7 Rxc4 33. Bxf5
Bxd5 34. Rfd1 Bc6 35. Rxd6 Bxa4 36. Re6 Rf8 37. Re7+ Kf6 38. Rxe4 Rfc8 39. Bxc8
Rxe4 40. g3 b5 41. Rb2 Rc4 42. Bg4 h6 43. Kf2 Rc3 44. Ke2 Ra3 45. Kd2 Bb3 46.
Be2 a6 47. Bf3 Kf5 48. Bb7 Bc4 49. Ke1 h5 50. Kf2 h4 51. Kg2 hxg3 52. hxg3 Ra1
53. Kh3 a5 54. bxa5 Rxa5 55. Bc6 Ke6 56. g4 Kd6 57. Be4 Kc5 58. g5 Kd4 59. Bh7
Ke3 60. Kg4 Ra4 61. Bc2 Be6+ 62. Kg3 Rxf4 63. Bd1 Bc4 64. Bg4 Rf1 65. g6 Rf6
66. Bh5 Rf1 67. Kg4 Rg1+ 68. Kf5 Rf1+ 69. Kg5 Rg1+ 70. Kf6 Rf1+ 71. Ke7 Rh1 72.
Bg4 Rg1 73. Bf5 Kd4 74. Kf6 Kc3 75. Rc2+ Kd4 76. g7 b4 77. Rxc4+ Kxc4 78. Bg6
Rf1+ 79. Ke7 Re1+ 80. Kf8 1-0

[Event "IV Torneo Hotel Petra"]
[Site "Roma ITA"]
[Date "2005.09.05"]
[Round "2"]
[White "Sibilio, Mario"]
[Black "Farago, Ivan"]
[Result "1/2-1/2"]
[WhiteElo "2380"]
[BlackElo "2499"]
[PlyCount "171"]
[EventDate "2005.09.03"]

1. e4 e6 2. Nf3 d5 3. Nc3 Nf6 4. e5 Nfd7 5. Ne2 c5 6. c3 d4 7. cxd4 cxd4 8.
Nexd4 Nxe5 9. Bb5+ Nec6 10. Nxc6 Nxc6 11. O-O Be7 12. d4 O-O 13. Be3 Qd5 14.
Qe2 Bd7 15. Rfd1 Nb4 16. Bc4 Qh5 17. Ne5 Qxe2 18. Bxe2 Rfd8 19. Bf3 f6 20. Nd3
Nd5 21. Nf4 Nxe3 22. fxe3 Bd6 23. Nd3 Rab8 24. Nc5 Bc8 25. Rac1 Kf8 26. a3 f5
27. g3 Ke7 28. Nd3 Bd7 29. Rc3 Rdc8 30. Rdc1 Rxc3 31. Rxc3 Bb5 32. Nc5 b6 33.
Nb7 Ba6 34. Nxd6 Kxd6 35. e4 Bb7 36. e5+ Kd7 37. Be2 Bc6 38. Bc4 Rc8 39. h4 g6
40. Kf2 h6 41. Ke3 g5 42. hxg5 hxg5 43. Rc2 Bd5 44. Bb5+ Kd8 45. Rxc8+ Kxc8 46.
Ba6+ Kc7 47. b4 Kc6 48. Be2 b5 49. Bd1 a6 50. Be2 g4 51. Bd1 Bc4 52. Bc2 Kd5
53. Bb1 Bb3 54. Bd3 Ba2 55. Be2 Bb1 56. Bf1 Bc2 57. Be2 Be4 58. Bd1 Kc6 59.
Bxg4 Kd5 60. Be2 Bh1 61. g4 fxg4 62. Bxg4 Bg2 63. Be2 Bh1 64. Bg4 Bg2 65. Kd3
Bf1+ 66. Kc3 Bg2 67. Bd1 Kc6 68. Bb3 Kd7 69. a4 bxa4 70. Bxa4+ Kc7 71. Bb3 Bh3
72. Ba4 Bg2 73. Be8 Kb6 74. Ba4 a5 75. Bb3 axb4+ 76. Kxb4 Bh3 77. Bc4 Bg4 78.
Bb5 Bh3 79. Bd7 Kc7 80. Be8 Kd8 81. Bc6 Ke7 82. Kc5 Bg4 83. Kb6 Bh3 84. Kc7 Bg4
85. Bd7 Bf3 86. Bc6 1/2-1/2